| 000 | 00477nam a22001817a 4500 | ||
|---|---|---|---|
| 005 | 20251108172540.0 | ||
| 008 | 250721s9999 xx 000 0 ara d | ||
| 082 | 1 | 4 | _a815/ ناص |
| 100 | 1 | _aناصيف، إميل | |
| 245 | 1 | 0 | _aأروع ما قيل في الخطب / |
| 264 | 1 |
_aبيروت : _bدار الجيل، |
|
| 300 | _a167 ص | ||
| 650 | 1 | 7 | _aالأدب العربي |
| 650 | 1 | 7 | _aالخطابة |
| 650 | 1 | 7 | _aالوعظ |
| 942 |
_2ddc _cBK |
||
| 999 |
_c82217 _d82217 |
||